000
00331nam a2200145Ia 4500
003
OSt
008
191201s2007 xx 000 0 und d
082
_a
621.402
_b
GUE
100
_a
GUPTA, Prakash
245
0
_a
Engineering Heat Transfer
250
_a
Rep
260
_c
2007
_b
Nem Chand
_a
New Delhi
300
_a
541
942
_2
ddc
_c
BK
999
_c
8144
_d
8144